[Event "39th Olympiad Women"]
[Site "Khanty-Mansiysk RUS"]
[Date "2010.09.30"]
[Round "9"]
[White "Collas, Silvia"]
[Black "Bezgodova, Svetlana"]
[Result "1-0"]
[WhiteTitle "IM"]
[WhiteElo "2320"]
[BlackElo "2120"]
[Board "12.3"]
[WhiteTeam "FRA"]
[BlackTeam "RUS3"]
[WhiteFideId "2902265"]
[BlackFideId "4110650"]
[EventDate "2010.09.21"]
[EventType "team"]

1. d4 Nf6 2. c4 d6 3. Nf3 Nbd7 4. Nc3 c6 5. Bg5 h6 6. Bh4 g5 7. Bg3 Nh5 8. e3
Bg7 9. Bd3 Ndf6 10. Qc2 Bd7 11. Rd1 Nxg3 12. hxg3 Qc7 13. b4 Rc8 14. O-O O-O 15.
c5 Nd5 16. Nxd5 cxd5 17. Qb3 Be6 18. Nh2 f5 19. e4 dxc5 20. dxc5 Rcd8 21. exf5
Bxf5 22. Bxf5 Rxf5 23. g4 Rf4 24. Rxd5 Rxd5 25. Qxd5+ Kh8 26. a3 Rd4 27. Qf7 Rf4
28. Qe6 a5 29. g3 Rd4 30. Rb1 a4 31. Nf1 Rd3 32. Ne3 Qe5 33. Qc8+ Kh7 34. Qxb7
Bf6 35. Re1 Rd2 36. Qc6 Ra2 37. Qxa4 Qb2 38. Rf1 Rxa3 39. Qd7 Rb3 40. c6 Qe5 41.
Qf5+ Qxf5 42. gxf5 Be5 43. Rc1 1-0

[Event "39th Olympiad Women"]
[Site "Khanty-Mansiysk RUS"]
[Date "2010.09.30"]
[Round "9"]
[White "Yakupova, Aysyla"]
[Black "Maisuradze, Nino"]
[Result "1-0"]
[BlackTitle "WGM"]
[WhiteElo "2117"]
[BlackElo "2273"]
[Board "12.4"]
[WhiteTeam "RUS3"]
[BlackTeam "FRA"]
[WhiteFideId "4197569"]
[BlackFideId "13601717"]
[EventDate "2010.09.21"]
[EventType "team"]

1. e4 c5 2. Nf3 d6 3. d4 cxd4 4. Nxd4 Nf6 5. Nc3 Nc6 6. g3 Bg4 7. f3 Nxd4 8.
Qxd4 Bd7 9. Bg2 g6 10. O-O Bg7 11. Be3 O-O 12. Qd2 Re8 13. Rad1 Qa5 14. Bd4 Bc6
15. Kh1 Qa6 16. a3 Rac8 17. Rfe1 b6 18. Na2 Ba8 19. Nc3 Qb7 20. Qf2 e5 21. Be3
Qc6 22. Qd2 Rcd8 23. Bg5 Qc4 24. Bf1 Qe6 25. Nb5 Rd7 26. c4 Bf8 27. h4 Nh5 28.
Kh2 Kh8 29. Bh3 f5 30. Qd3 Rf7 31. exf5 gxf5 32. Nd4 Qg6 33. Bxf5 Qg7 34. g4 Nf6
35. Ne6 Rxe6 36. Bxe6 e4 37. fxe4 Nxe4 38. Bxf7 Qxb2+ 39. Re2 Qe5+ 40. Kg1 d5
41. cxd5 Bc5+ 42. Kg2 1-0

[Event "39th Olympiad Women"]
[Site "Khanty-Mansiysk RUS"]
[Date "2010.09.30"]
[Round "9"]
[White "Franco Valencia, Angela Maria"]
[Black "Vega Gutierrez, Belinda"]
[Result "0-1"]
[WhiteTitle "WFM"]
[BlackTitle "WFM"]
[WhiteElo "2148"]
[BlackElo "2233"]
[Board "13.3"]
[WhiteTeam "COL"]
[BlackTeam "ESP"]
[WhiteFideId "4403070"]
[BlackFideId "2229994"]
[EventDate "2010.09.21"]
[EventType "team"]

1. e4 e5 2. Nf3 Nc6 3. Bb5 a6 4. Ba4 Nf6 5. O-O b5 6. Bb3 Bc5 7. c3 Bb6 8. d4
Nxe4 9. d5 Ne7 10. Qe2 Nd6 11. Nxe5 O-O 12. Bf4 Bb7 13. Qd3 f6 14. Ng4 Nc4 15.
d6 Nd5 16. Bxc4 bxc4 17. Qxc4 Kh8 18. dxc7 Nxc7 19. Qb3 Nb5 20. a4 Qe8 21. Qc2
Qe6 22. Ne3 Nd6 23. Nd2 Ba7 24. Qb3 Qxb3 25. Nxb3 Nf7 26. Rfd1 d6 27. Na5 Be4
28. Nd5 Ne5 29. Be3 Bxe3 30. Nxe3 Rab8 31. f3 Ba8 32. b4 Rfc8 33. Rac1 d5 34.
Nb3 Nc4 35. Nxd5 Nb2 36. Rd4 Nxa4 37. Rcd1 Bxd5 38. Rxd5 Nxc3 39. R1d3 Nxd5 40.
Rxd5 Rxb4 0-1

[Event "39th Olympiad Women"]
[Site "Khanty-Mansiysk RUS"]
[Date "2010.09.30"]
[Round "9"]
[White "Llaneza Vega, Patricia"]
[Black "Salazar, Aura Cristina"]
[Result "0-1"]
[WhiteTitle "WIM"]
[BlackTitle "WFM"]
[WhiteElo "2207"]
[BlackElo "2169"]
[Board "13.4"]
[WhiteTeam "ESP"]
[BlackTeam "COL"]
[WhiteFideId "2212676"]
[BlackFideId "4403312"]
[EventDate "2010.09.21"]
[EventType "team"]

1. e4 c5 2. Nf3 d6 3. d4 cxd4 4. Nxd4 Nf6 5. Nc3 g6 6. Be3 Bg7 7. Bc4 Nc6 8. f3
O-O 9. Qd2 Bd7 10. O-O-O Ne5 11. Bb3 Rc8 12. Kb1 Re8 13. h4 h5 14. Bh6 Qa5 15.
Bxg7 Kxg7 16. g4 hxg4 17. h5 Rh8 18. h6+ Kh7 19. f4 Nc4 20. Bxc4 Rxc4 21. Qe2
Rxc3 22. bxc3 Qxc3 23. Qd3 Qb4+ 24. Ka1 e5 25. fxe5 dxe5 26. Qb3 Qxb3 27. Nxb3
g3 28. Rhg1 Kxh6 29. Nc5 Bc6 30. Rxg3 Nxe4 31. Nxe4 Bxe4 32. Rd7 Kg7 33. Re3 Rh4
34. Kb2 Bc6 35. Re7 e4 36. Ra3 a6 37. Rc7 Rh1 38. Rg3 Rf1 39. Kc3 Kf6 40. Kd4
Rd1+ 41. Kc3 Ke6 42. a3 Rd8 43. Rg1 Rg8 44. Kd4 f5 0-1

[Event "39th Olympiad Women"]
[Site "Khanty-Mansiysk RUS"]
[Date "2010.09.30"]
[Round "9"]
[White "Chumpitaz, Ann"]
[Black "Andersson, Christin"]
[Result "0-1"]
[WhiteTitle "WFM"]
[BlackTitle "WIM"]
[WhiteElo "2150"]
[BlackElo "2113"]
[Board "14.2"]
[WhiteTeam "PER"]
[BlackTeam "SWE"]
[WhiteFideId "3804178"]
[BlackFideId "1702947"]
[EventDate "2010.09.21"]
[EventType "team"]

1. d4 d5 2. Nf3 Nf6 3. e3 g6 4. Bd3 Bg7 5. O-O O-O 6. b3 c5 7. Bb2 b6 8. Nbd2
Nc6 9. dxc5 bxc5 10. Ne5 Nxe5 11. Bxe5 Ne8 12. Bxg7 Nxg7 13. c4 e6 14. Qc2 Qd6
15. Rac1 Ba6 16. Nf3 Rac8 17. Rfd1 Rfd8 18. cxd5 exd5 19. Bxa6 Qxa6 20. Rd3 Ne6
21. Rcd1 Qb7 22. h3 Rd6 23. Nd2 d4 24. Nf3 Rcd8 25. Qc4 a6 26. Qa4 c4 27. Qxc4
Rc6 28. Qa4 Rdc8 29. exd4 Nf4 30. d5 Rf6 31. R3d2 Nxh3+ 32. Kh1 Rf4 33. Qa5 Qd7
34. Qxa6 Rc3 35. Qa8+ Kg7 36. d6 Rfxf3 37. gxh3 Qxh3+ 38. Kg1 Rc5 39. Rd5 Rf4
40. R5d3 Rg5+ 41. Rg3 Rxg3+ 42. fxg3 Qxg3+ 0-1

[Event "39th Olympiad Women"]
[Site "Khanty-Mansiysk RUS"]
[Date "2010.09.30"]
[Round "9"]
[White "Orbezo Rosales, Ximena Lucia"]
[Black "Fransson, Angelina"]
[Result "1-0"]
[WhiteElo "1836"]
[BlackElo "1910"]
[Board "14.4"]
[WhiteTeam "PER"]
[BlackTeam "SWE"]
[WhiteFideId "3807410"]
[BlackFideId "1712632"]
[EventDate "2010.09.21"]
[EventType "team"]

1. e4 c5 2. Nf3 d6 3. d4 cxd4 4. Nxd4 Nf6 5. Nc3 e6 6. Be2 Be7 7. Be3 O-O 8. O-O
Nc6 9. f4 Qc7 10. Bd3 Re8 11. Qf3 a6 12. a4 Nb4 13. Rac1 Bd7 14. g4 e5 15. Nf5
Bxf5 16. exf5 d5 17. fxe5 Bc5 18. Bxc5 Qxc5+ 19. Kh1 Rxe5 20. g5 Nd7 21. f6 Rxg5
22. Bxh7+ Kxh7 23. Qh3+ Kg8 24. fxg7 Rxg7 25. Qxd7 Qc6 26. Qxc6 bxc6 27. Ne2 Re8
28. Nf4 Rg5 29. c3 Re4 30. cxb4 Rxb4 31. Rxc6 Rf5 32. Rg1+ Kf8 33. Nd3 Rxa4 34.
Nc5 Ra2 35. Rb1 a5 36. Ra6 d4 37. Nd3 Rb5 38. Rd6 a4 39. Rxd4 a3 40. Ra4 Rb3 41.
Ra8+ Ke7 42. Re1+ Kf6 43. Ra6+ Kg7 44. Rg1+ Kh7 45. Ra4 Rb6 46. Rxa3 Rbxb2 47.
Rxa2 Rxa2 48. Ne5 f6 49. Nd7 Rf2 50. Nf8+ Kh6 51. Rg8 f5 52. Kg1 Ra2 53. Ne6 Ra6
54. Nf4 Ra4 55. Ne2 Kh5 56. Ng3+ Kh4 57. Nxf5+ Kh5 58. Kg2 Ra5 59. Ne3 Kh4 60.
Rg4+ Kh5 61. Kg3 Re5 62. Ng2 Ra5 63. Nf4+ Kh6 64. Kh4 Rf5 65. h3 Kh7 66. Kg3 Kh6
67. h4 Ra5 68. Rg6+ Kh7 69. Kg4 Ra4 70. h5 Rb4 71. Kg5 Rb5+ 72. Kf6 Rb6+ 73. Ne6
Ra6 74. Kg5 Ra5+ 75. Kg4 Kh8 76. Nd4 Ra4 77. Rd6 Ra1 78. Nf3 Ra5 79. h6 Ra1 80.
Kg5 Kh7 81. Rd7+ Kg8 82. Ne5 Rg1+ 83. Ng4 Kh8 84. Kh5 Rg2 85. Rd8+ 1-0

[Event "39th Olympiad Women"]
[Site "Khanty-Mansiysk RUS"]
[Date "2010.09.30"]
[Round "9"]
[White "Mamedjarova, Zeinab"]
[Black "Daulyte, Deimante"]
[Result "1-0"]
[WhiteTitle "WGM"]
[BlackTitle "WGM"]
[WhiteElo "2234"]
[BlackElo "2307"]
[Board "15.1"]
[WhiteTeam "AZE"]
[BlackTeam "LTU"]
[WhiteFideId "13401521"]
[BlackFideId "12802859"]
[EventDate "2010.09.21"]
[EventType "team"]

1. d4 Nf6 2. c4 g6 3. Nf3 Bg7 4. g3 O-O 5. Bg2 d5 6. cxd5 Nxd5 7. O-O Nc6 8. Nc3
Nb6 9. e3 Re8 10. d5 Na5 11. Nd4 Bd7 12. e4 Rc8 13. Bf4 c6 14. Re1 cxd5 15. exd5
Nac4 16. b3 Nd6 17. Qd2 Nf5 18. Nce2 Nxd4 19. Nxd4 e5 20. dxe6 Bxe6 21. Be5 Bxe5
22. Rxe5 Bd5 23. Rxe8+ Qxe8 24. Bxd5 Nxd5 25. Re1 Qd7 26. Qg5 Nc3 27. Nf3 Re8
28. Rxe8+ Qxe8 29. Qc5 Nxa2 30. Qxa7 Qe4 31. Ng5 Qb1+ 32. Kg2 Qxb3 33. Qb8+ Kg7
34. Qe5+ Kg8 35. Ne4 Qe6 36. Nf6+ Kg7 37. Nh5+ Kh6 38. Qg7+ Kg5 39. Nf4 Qe4+ 40.
Kg1 Qe1+ 41. Kg2 Qe4+ 42. f3 Qc2+ 43. Kh3 Qf5+ 44. Kg2 Qc2+ 45. Kh3 h5 46. Ne6+
fxe6 47. f4+ 1-0

[Event "39th Olympiad Women"]
[Site "Khanty-Mansiysk RUS"]
[Date "2010.09.30"]
[Round "9"]
[White "Limontaite, Simona"]
[Black "Mamedjarova, Turkan"]
[Result "0-1"]
[WhiteTitle "WIM"]
[BlackTitle "WGM"]
[WhiteElo "2187"]
[BlackElo "2301"]
[Board "15.2"]
[WhiteTeam "LTU"]
[BlackTeam "AZE"]
[WhiteFideId "12802506"]
[BlackFideId "13402005"]
[EventDate "2010.09.21"]
[EventType "team"]

1. d4 d5 2. c4 e6 3. Nf3 c6 4. Nc3 f5 5. Bf4 Nf6 6. Qc2 Be7 7. e3 O-O 8. Bd3 Ne4
9. g4 Na6 10. a3 Qa5 11. Ke2 Nxc3+ 12. bxc3 Nc7 13. c5 Ne8 14. Rhg1 Kh8 15. h4
Nf6 16. Bg5 Bd7 17. Ne5 Bc8 18. f3 Ng8 19. Bf4 Qd8 20. Rg2 Qe8 21. Rag1 Bf6 22.
gxf5 exf5 23. Bxf5 Bxf5 24. Qxf5 Ne7 25. Qg4 Rd8 26. h5 Ng8 27. Qh3 Nh6 28. Nd3
b6 29. Bd6 Rf7 30. Ne5 Rb7 31. f4 bxc5 32. Bxc5 Rdb8 33. Kd3 a5 34. a4 Rb2 35.
Bd6 Rxg2 36. Rxg2 Rb7 37. Ra2 Qa8 38. Kd2 Rb1 39. Kc2 Qb7 40. Kd2 Bxe5 41. Bxe5
Rg1 42. Ke2 Qb1 43. Rd2 Ng4 44. h6 Re1+ 45. Kf3 Rxe3+ 46. Kg2 Qe4+ 0-1

[Event "39th Olympiad Women"]
[Site "Khanty-Mansiysk RUS"]
[Date "2010.09.30"]
[Round "9"]
[White "Mammadova, Gulnar Marfat qizi"]
[Black "Sarakauskiene, Zivile"]
[Result "1/2-1/2"]
[WhiteTitle "WFM"]
[BlackTitle "WIM"]
[WhiteElo "2293"]
[BlackElo "2171"]
[Board "15.3"]
[WhiteTeam "AZE"]
[BlackTeam "LTU"]
[WhiteFideId "13403508"]
[BlackFideId "12800864"]
[EventDate "2010.09.21"]
[EventType "team"]

1. e4 c5 2. Nc3 Nc6 3. g3 g6 4. Bg2 Bg7 5. d3 d6 6. f4 e6 7. Nf3 Nge7 8. O-O O-O
9. Be3 Nd4 10. Bf2 Rb8 11. e5 Nxf3+ 12. Qxf3 dxe5 13. Rae1 b6 14. fxe5 Bb7 15.
Qf4 Bxg2 16. Kxg2 Nd5 17. Qe4 Nxc3 18. bxc3 Qd5 19. c4 Qxe4+ 1/2-1/2

[Event "39th Olympiad Women"]
[Site "Khanty-Mansiysk RUS"]
[Date "2010.09.30"]
[Round "9"]
[White "Beinoraite, Viktorija"]
[Black "Umudova, Nargiz"]
[Result "0-1"]
[BlackTitle "WIM"]
[WhiteElo "2053"]
[BlackElo "2251"]
[Board "15.4"]
[WhiteTeam "LTU"]
[BlackTeam "AZE"]
[WhiteFideId "12803642"]
[BlackFideId "13402137"]
[EventDate "2010.09.21"]
[EventType "team"]

1. d4 Nf6 2. c4 c5 3. d5 b5 4. Nd2 Qa5 5. Qc2 bxc4 6. e4 d6 7. Bxc4 g6 8. b3 Bg7
9. Bb2 O-O 10. Nf3 Nxe4 11. Bxg7 Nxd2 12. Bc3 Nxf3+ 13. gxf3 Qc7 14. Rg1 Nd7 15.
Bd3 Ne5 16. Be2 f5 17. h4 Kf7 18. O-O-O a5 19. h5 a4 20. Bxe5 dxe5 21. hxg6+
hxg6 22. b4 c4 23. Bxc4 Qd6 24. a3 Bb7 25. Kb1 Rac8 26. Qd3 Rc7 27. Rh1 Rfc8 28.
Rh4 e4 29. fxe4 Rxc4 30. e5 Qxd5 31. Qe2 Re4 32. Rxe4 Qxe4+ 33. Qxe4 Bxe4+ 0-1

[Event "39th Olympiad Women"]
[Site "Khanty-Mansiysk RUS"]
[Date "2010.09.30"]
[Round "9"]
[White "Hoang, Thi Bao Tram"]
[Black "Houska, Jovanka"]
[Result "1/2-1/2"]
[WhiteTitle "WGM"]
[BlackTitle "IM"]
[WhiteElo "2285"]
[BlackElo "2426"]
[Board "16.1"]
[WhiteTeam "VIE"]
[BlackTeam "ENG"]
[WhiteFideId "12401102"]
[BlackFideId "405094"]
[EventDate "2010.09.21"]
[EventType "team"]

1. d4 Nf6 2. Nf3 d5 3. c4 c6 4. cxd5 cxd5 5. Nc3 Nc6 6. Bf4 a6 7. e3 Bg4 8. Bd3
e6 9. O-O Bd6 10. Bxd6 Qxd6 11. Na4 O-O 12. Rc1 Ne4 13. Nc5 Bxf3 14. Qxf3 Nxc5
15. Rxc5 f5 16. g3 Rac8 17. Rfc1 Ne7 18. Rxc8 Rxc8 19. Rxc8+ Nxc8 20. Qe2 Qc6
21. Qc2 Qxc2 22. Bxc2 Nd6 23. Bd3 g5 24. b3 b5 25. h3 Kg7 26. Kf1 a5 27. Ke2 b4
28. f4 g4 29. h4 Kf6 30. Kf2 Ke7 31. Ke2 Kd7 32. Kd2 Kc7 33. Ke2 Kb6 34. Kd2 a4
35. Kc2 Ka5 36. Kd2 Ne8 37. Ke2 a3 38. Kd2 Nf6 39. Ke2 h6 40. Ke1 Kb6 41. Ke2
Kc6 42. Ke1 Nh5 43. Kf2 Kb6 44. Bb1 Ka6 45. Bc2 Kb5 46. Bb1 Ng7 47. Ke2 Ne8 48.
Bd3+ Kb6 49. Kd2 Nd6 50. Kc2 Kc7 51. Kc1 Kd7 52. Kc2 Ke7 53. Kc1 Kf6 54. Kc2 Nc8
55. Kd2 Kg6 56. Ke2 Ne7 57. Ke1 Nc6 58. Kd2 Nd8 59. Ke1 Nb7 60. Kd1 Na5 61. Kc2
Nc6 62. Kd2 Na5 63. Kc2 Kf6 64. Kc1 Ke7 65. Kc2 Kd6 66. Kc1 Kc7 67. Kc2 Kb6 68.
Kc1 Nb7 69. Kc2 Ka5 70. Kc1 Nd6 71. Kc2 Ne8 72. Kd2 Nf6 73. Ke2 Kb6 74. Ke1 Kc7
75. Ke2 Kc6 76. Ke1 Kb6 77. Ke2 Ka5 78. Ke1 Nd7 79. Kd2 Nf8 80. Ke2 Ng6 81. Kf2
Nf8 82. Ke2 Nd7 83. Kd2 Nb6 84. Kc2 Nc8 85. Kd2 Nd6 86. Kc2 Nb5 87. Bxb5 1/2-1/2

[Event "39th Olympiad Women"]
[Site "Khanty-Mansiysk RUS"]
[Date "2010.09.30"]
[Round "9"]
[White "Lauterbach, Ingrid"]
[Black "Pham, Le Thao Nguyen"]
[Result "0-1"]
[WhiteTitle "WIM"]
[BlackTitle "WIM"]
[WhiteElo "2169"]
[BlackElo "2304"]
[Board "16.2"]
[WhiteTeam "ENG"]
[BlackTeam "VIE"]
[WhiteFideId "405221"]
[BlackFideId "12401226"]
[EventDate "2010.09.21"]
[EventType "team"]

1. e4 c5 2. Nf3 e6 3. g3 Nc6 4. Bg2 Nf6 5. Qe2 d5 6. d3 Be7 7. O-O b6 8. Re1 Bb7
9. Na3 a6 10. exd5 Nxd5 11. c3 O-O 12. Nc2 Bf6 13. Ne3 Nxe3 14. Bxe3 Ne7 15. d4
Rc8 16. dxc5 bxc5 17. a3 Nd5 18. Rad1 Qc7 19. Bc1 c4 20. Ne5 Rfd8 21. Ng4 Be7
22. Ne3 Nb6 23. Rxd8+ Bxd8 24. Bxb7 Qxb7 25. Rd1 Be7 26. Qg4 Bf8 27. Qh4 Qc7 28.
Qe4 Bc5 29. Kg2 Bxe3 30. Bxe3 Nd5 31. Bc1 Qc6 32. f3 h6 33. Qc2 Rb8 34. Rd4 Rb5
35. Qe2 Rc5 36. Be3 Qb5 37. Bc1 Rc6 38. Kf2 Rc8 39. Rg4 Nf6 40. Rd4 e5 41. Rd1
Re8 42. Kg2 Qc6 43. Be3 Qe6 44. h3 Rb8 45. Bc1 Qf5 46. Be3 Qe6 47. Bc1 Nd7 48.
Be3 f5 49. Qd2 Nf6 50. Bf2 Kh7 51. Qc2 Rb5 52. Be3 e4 53. f4 Nd5 54. Bd4 Qg6 55.
Rf1 Qc6 56. Qe2 Nc7 57. Be3 Rd5 58. Bd4 Ne6 59. Rd1 Qa4 60. Kf2 Nc5 61. Rd2 Nd3+
62. Kg1 Qd7 63. Be3 Qb7 64. g4 Qf7 65. gxf5 Rxf5 66. Qg2 Ne1 67. Qxe4 Qh5 68.
Rd5 Qg6+ 69. Kf1 Rxd5 70. Qxd5 Nd3 71. Qxc4 Nxb2 72. Qe2 Qb1+ 73. Kg2 Qe4+ 74.
Kg1 Nc4 75. Kf2 a5 76. Qe1 Nxa3 77. Bc1 Qc2+ 78. Kf3 Nb5 79. Qe4+ Qxe4+ 80. Kxe4
Nxc3+ 81. Kd3 Na2 82. Bd2 Nb4+ 83. Ke4 Kg6 84. f5+ Kf7 85. Bc3 Nc6 86. Kd5 Ne7+
87. Ke5 a4 88. Bb2 Nc6+ 89. Kd5 Nb4+ 90. Kc4 Nc2 91. Kd3 Nb4+ 92. Kc4 Nc6 93.
Kd5 Ne7+ 94. Ke5 Ng8 95. Ba3 Nf6 96. Bb2 Nh7 97. Kf4 Ng5 98. h4 Nh7 99. Kf3 Nf6
100. Kf4 Nd5+ 101. Ke4 Nb4 102. Ke3 a3 103. Be5 a2 104. Kd2 Nc6 105. Bc3 Ne7
106. f6 gxf6 107. Kc2 Nf5 108. Kb2 Nxh4 109. Kxa2 Nf3 110. Kb1 h5 0-1

[Event "39th Olympiad Women"]
[Site "Khanty-Mansiysk RUS"]
[Date "2010.09.30"]
[Round "9"]
[White "Nguyen, Thi Mai Hung"]
[Black "Grigoryan, Meri"]
[Result "1/2-1/2"]
[WhiteTitle "WIM"]
[BlackTitle "WFM"]
[WhiteElo "2258"]
[BlackElo "2099"]
[Board "16.3"]
[WhiteTeam "VIE"]
[BlackTeam "ENG"]
[WhiteFideId "12401676"]
[BlackFideId "13300571"]
[EventDate "2010.09.21"]
[EventType "team"]

1. d4 d5 2. Bf4 c5 3. e3 Nc6 4. c3 Nf6 5. Nd2 Bf5 6. Qb3 Qd7 7. Qb5 a6 8. Qb6
Qc8 9. Ngf3 Nd7 10. Qc7 Qxc7 11. Bxc7 Rc8 12. Bg3 h6 13. Be2 e6 14. O-O Be7 15.
Rfe1 O-O 16. Ne5 Nb6 17. Nxc6 Rxc6 18. dxc5 Na4 19. Nb3 Bxc5 20. Na5 Rb6 21. b4
Bd6 22. Bxd6 Rxd6 23. Nxb7 Rb6 24. Nc5 Nxc5 25. bxc5 Rc6 26. c4 dxc4 27. Bxc4 a5
28. Rac1 Rxc5 29. Ba6 Rxc1 30. Rxc1 Rd8 31. h4 Rd2 32. Rc8+ Kh7 33. a4 Bd3 34.
Bxd3+ Rxd3 35. Rc5 Rd1+ 36. Kh2 Rd5 37. Rb5 Rxb5 38. axb5 a4 39. b6 a3 40. b7 a2
41. b8=Q a1=Q 42. Qf4 Qa7 43. Kg3 Qe7 44. Qe4+ Kg8 45. Qe5 Qb4 46. Qf4 Qb1 47.
Kh2 Qb7 48. Qa4 Qc7+ 49. Kh3 Qe7 50. Qa8+ Kh7 51. Qe4+ Kg8 52. Qa8+ Kh7 53. Qe4+
Kg8 1/2-1/2

[Event "39th Olympiad Women"]
[Site "Khanty-Mansiysk RUS"]
[Date "2010.09.30"]
[Round "9"]
[White "Bhatia, Kanwal K"]
[Black "Nguyen, Thi Thanh An"]
[Result "1/2-1/2"]
[BlackTitle "WGM"]
[WhiteElo "2072"]
[BlackElo "2306"]
[Board "16.4"]
[WhiteTeam "ENG"]
[BlackTeam "VIE"]
[WhiteFideId "407496"]
[BlackFideId "12400300"]
[EventDate "2010.09.21"]
[EventType "team"]

1. e4 g6 2. d4 Bg7 3. Nf3 d6 4. Nc3 c6 5. Be3 Nf6 6. Qd2 b5 7. Bd3 Ng4 8. Bf4 b4
9. Ne2 Qb6 10. O-O Nf6 11. h3 O-O 12. Bh6 Na6 13. Bxg7 Kxg7 14. c4 Nc7 15. a3
bxa3 16. bxa3 Ne6 17. Rab1 Qc7 18. Nh4 Rb8 19. f4 Rxb1 20. Rxb1 c5 21. d5 Nd4
22. Nxd4 cxd4 23. Nf3 Qc5 24. Qb2 Nh5 25. Qxd4+ Qxd4+ 26. Nxd4 Nxf4 27. Bf1 a6
28. Rb6 Nh5 29. Nc6 Nf6 30. Nxe7 Nxe4 31. Nxc8 Rxc8 32. Rxa6 Rb8 33. Kh2 h5 34.
Ra4 h4 35. Rb4 Ra8 36. a4 Nc5 37. Kg1 Kf6 38. Kf2 Ke5 39. Ke3 f5 40. Be2 Nxa4
41. Rb7 Nc5 42. Re7+ Kf6 43. Rh7 Re8+ 44. Kd2 Ne4+ 45. Kd3 Nc5+ 46. Kd2 Re4 47.
Rh8 Kg7 48. Rd8 Re7 49. Bf3 Rd7 50. Rc8 Kf6 51. Kc3 Rb7 52. Rd8 Rb3+ 53. Kc2 Rb6
54. Rc8 g5 55. Rc6 Ra6 56. Rc8 Ke5 57. Rg8 Kf4 58. Rg6 Nd7 59. Rh6 Rb6 60. Kc3
Nc5 61. Rg6 Na4+ 62. Kd4 Ra6 63. Bd1 Nc5 64. Bf3 Nb3+ 65. Kc3 Rb6 66. Bd1 Nc5
67. Bf3 Ra6 68. Kd4 Nb3+ 69. Kc3 Rb6 70. Bd1 Nc5 71. Bf3 Nd7 72. Rh6 g4 73. hxg4
fxg4 74. Rxh4 Ne5 75. Bd1 Rb1 76. Be2 Rg1 77. Rh6 Rxg2 78. Bxg4 Rg3+ 79. Kb4
Rxg4 80. Rxd6 Kf5 81. Kb5 Rxc4 82. Rd8 Rc1 83. d6 Ke6 84. Ka4 Rb1 85. Ka3 Nd7
86. Ka2 Rb7 87. Rc8 Kxd6 88. Rc1 Nc5 89. Rb1 Rh7 90. Kb2 Kd5 91. Kc3 Ne4+ 92.
Kd3 Rh3+ 93. Kc2 Kc4 94. Rb8 Rh2+ 95. Kc1 Nc5 96. Rc8 Kd4 97. Kb1 Nd3 98. Rd8+
Kc3 99. Rc8+ Kb3 100. Rb8+ Kc4 101. Rc8+ Nc5 102. Kc1 Kd4 103. Kd1 Rf2 104. Rd8+
Ke3 105. Ke1 Rf6 106. Re8+ Ne4 107. Kd1 Rc6 108. Re7 Rc8 109. Re5 Kd4 110. Re7
Kd3 111. Rd7+ Ke3 112. Re7 Rc6 113. Re8 Rd6+ 114. Kc1 Kd3 115. Kb2 Rb6+ 116. Kc1
Nd6 117. Re6 Rc6+ 118. Kd1 Ra6 119. Ke1 Ra1+ 120. Kf2 Ne4+ 121. Kg2 Ra2+ 122.
Kg1 Ke3 123. Re8 Kf3 124. Rf8+ Kg4 125. Rg8+ Kf3 126. Rf8+ Ke3 127. Re8 Re2 128.
Re7 Kf3 129. Rf7+ Kg4 130. Rg7+ Ng5 131. Kf1 Re5 132. Rg8 Kg3 133. Rg6 Kf3 134.
Rf6+ Ke3 135. Rf8 Re6 136. Rf5 Nf3 137. Ra5 Nd2+ 138. Kg2 Rg6+ 1/2-1/2

[Event "39th Olympiad Women"]
[Site "Khanty-Mansiysk RUS"]
[Date "2010.09.30"]
[Round "9"]
[White "De Seroux, Camille"]
[Black "Hakimifard, Ghazal"]
[Result "0-1"]
[BlackTitle "WFM"]
[WhiteElo "2020"]
[BlackElo "2173"]
[Board "17.4"]
[WhiteTeam "SUI"]
[BlackTeam "IRI"]
[WhiteFideId "1305620"]
[BlackFideId "12506540"]
[EventDate "2010.09.21"]
[EventType "team"]

1. e4 c5 2. Nf3 e6 3. d4 cxd4 4. Nxd4 a6 5. Bd3 Nf6 6. O-O Qc7 7. c4 g6 8. Qe2
d6 9. b3 Bg7 10. Bb2 O-O 11. Nc3 Nc6 12. Nc2 b6 13. Rad1 Bb7 14. f4 Rfe8 15. h3
Nd7 16. Qf2 Nc5 17. f5 Ne5 18. Ne1 Nexd3 19. Nxd3 Bxc3 20. fxe6 fxe6 21. Bxc3
Nxe4 22. Qe1 Nxc3 23. Qxc3 Rac8 24. Nf2 e5 25. Qg3 Rf8 26. h4 Kh8 27. Ng4 Qe7
28. Rf2 h5 29. Nh2 Kg7 30. Rfd2 Rf6 31. Qg5 Qc7 32. Rxd6 Rxd6 33. Qxe5+ Rf6 34.
Qc3 Rf8 35. Qh3 R8f7 36. Qc3 Kh7 0-1

[Event "39th Olympiad Women"]
[Site "Khanty-Mansiysk RUS"]
[Date "2010.09.30"]
[Round "9"]
[White "Klinova, Masha"]
[Black "Lujan, Carolina"]
[Result "1/2-1/2"]
[WhiteTitle "IM"]
[BlackTitle "IM"]
[WhiteElo "2303"]
[BlackElo "2312"]
[Board "18.1"]
[WhiteTeam "ISR"]
[BlackTeam "ARG"]
[WhiteFideId "2802015"]
[BlackFideId "109878"]
[EventDate "2010.09.21"]
[EventType "team"]

1. e4 c5 2. Nf3 e6 3. c3 d5 4. exd5 Qxd5 5. d4 Nf6 6. Na3 Qd8 7. Nc4 Nc6 8. Nce5
cxd4 9. Nxc6 bxc6 10. Qxd4 Qb6 11. Qxb6 axb6 12. Be2 Be7 13. O-O Ba6 1/2-1/2

[Event "39th Olympiad Women"]
[Site "Khanty-Mansiysk RUS"]
[Date "2010.09.30"]
[Round "9"]
[White "Amura, Claudia"]
[Black "Igla, Bella"]
[Result "1/2-1/2"]
[WhiteTitle "WGM"]
[BlackTitle "WGM"]
[WhiteElo "2329"]
[BlackElo "2271"]
[Board "18.2"]
[WhiteTeam "ARG"]
[BlackTeam "ISR"]
[WhiteFideId "100536"]
[BlackFideId "2806819"]
[EventDate "2010.09.21"]
[EventType "team"]

1. d4 Nf6 2. c4 g6 3. Nc3 Bg7 4. Bg5 h6 5. Bh4 O-O 6. e3 d6 7. Nf3 c6 8. Be2 a6
9. O-O Bf5 10. Nd2 b5 11. e4 Bc8 12. e5 Ne8 13. f4 Nc7 14. Nde4 d5 15. cxd5 cxd5
16. Nc5 Nc6 17. Rc1 b4 18. N3a4 Nb5 19. Nb3 Qc7 20. Bxe7 Qxe7 21. Rxc6 Bd7 22.
Rc1 Rab8 23. Nac5 Bc8 24. Na5 Qe8 25. Qd2 Nc7 26. Ncb3 Ne6 27. Nc6 Rb6 28. Nxb4
Bb7 29. Nd3 Qe7 30. Ndc5 Rb8 31. Nxe6 Qxe6 32. Nc5 Qe8 33. b3 Bc8 34. Rf3 Bf8
35. Rfc3 Kg7 36. Bd3 a5 37. R3c2 Rb4 38. Qc3 Bxc5 39. Qxc5 Be6 40. a4 Rxb3 41.
Bb5 Qd8 42. Qc7 Rb4 43. Qxd8 Rxd8 44. Rd2 Rc8 45. Rxc8 Bxc8 46. Kf2 Bf5 47. Ke3
h5 48. Kf2 Be4 49. Kg3 Rb3+ 50. Kh4 Rb4 51. Kg5 Rb3 52. Kh4 1/2-1/2

[Event "39th Olympiad Women"]
[Site "Khanty-Mansiysk RUS"]
[Date "2010.09.30"]
[Round "9"]
[White "Pitam, Ella"]
[Black "Zuriel, Marisa"]
[Result "0-1"]
[WhiteTitle "WGM"]
[BlackTitle "WIM"]
[WhiteElo "2293"]
[BlackElo "2193"]
[Board "18.3"]
[WhiteTeam "ISR"]
[BlackTeam "ARG"]
[WhiteFideId "2802244"]
[BlackFideId "109142"]
[EventDate "2010.09.21"]
[EventType "team"]

1. c4 e5 2. Nc3 d6 3. g3 g6 4. Bg2 Bg7 5. Rb1 a5 6. a3 f5 7. d3 Nf6 8. e3 O-O 9.
Nge2 c6 10. O-O Be6 11. f4 Nbd7 12. b4 axb4 13. axb4 Qc7 14. Qc2 Bf7 15. Bd2
Rfe8 16. h3 exf4 17. gxf4 Nb6 18. Nd4 Re7 19. Ra1 Rae8 20. Ra7 Qb8 21. Rfa1 Nh5
22. Nf3 h6 23. R1a5 Kh7 24. Ne2 Rxe3 25. Bxe3 Rxe3 26. Kf2 Re8 27. Qd2 Qc7 28.
Ra2 Nxc4 29. dxc4 Bxc4 30. Ned4 Bxa2 31. Rxa2 Qb6 32. Rc2 Re4 33. Rc4 Rxf4 34.
Bf1 d5 35. Rc5 Bxd4+ 0-1